Participantes do BBB 2011 - Statistics

Estatísticas Gerais
  • Esse quiz foi jogado 16 vezes
  • A pontuação média é 11 de 20
Estatísticas das Respostas
Hint Resposta % Correto
Vencedor(a) Maria
100%
1º eliminado(a) Ariadna
82%
2º lugar Wesley
82%
11º eliminado(a)[pela 2ª vez] Luiz Maurício
73%
2º eliminado(a)[1ª vez] Luiz Maurício
73%
8º eliminado(a) Adriana
64%
3º lugar Daniel
64%
15º eliminado(a) Diana
64%
14º eliminado(a) Rodrigão
64%
10º eliminado(a) Talula
64%
13º eliminado(a) Paula
55%
9º eliminado(a) Diogo
45%
12º eliminado(a) Jaqueline
45%
6º eliminado(a) Lucival
45%
3º eliminado(a) Rodrigo
45%
4º eliminado(a) Igor
36%
9º eliminado(a) Janaína
36%
7º eliminado(a) Natália
36%
5º eliminado(a) Cristiano
27%
3º eliminado(a) Michelly
27%
Nenhum quiz correspondente encontrado
Distribuição das Pontuações
Porcentagem de Pessoas com Cada Pontuação
Percentil de Números Respondidos
Sua Pontuação Histórica
Você não jogou esse quiz